| 000 | 01009nam a2200265 i 4500 | ||
|---|---|---|---|
| 003 | DO-SdBNP | ||
| 005 | 20230711100420.0 | ||
| 007 | ta | ||
| 008 | 210224e2020 dr ac||gr|||| 001 0 spa d | ||
| 020 | _a9789945924107 | ||
| 040 |
_aDO-SdBNP _bspa _cBNPHU _erda |
||
| 082 | 4 |
_222 _bD326q |
|
| 110 | 1 | _4Asociación Popular de Ahorros y Préstamos | |
| 245 | 1 | 0 |
_aDeja que te cuente : _bel mundo que mira mis ojos, que tocan mis manos. / _c Prólogo Pablo Ámez ; diseño e ilustraciones, Elías Roedán, fotografías, Ricardo Piantini |
| 264 | 1 |
_aSanto Domingo : _bAsociación Popular de Ahorros y Prestamos , _c2020 |
|
| 300 |
_a75 páginas : _bIlustraciones., fotos ; _c22 cm. |
||
| 336 |
_2rdaconten _atexto _btxt |
||
| 337 |
_2rdamedia _asin medición _bn |
||
| 338 |
_2rdacarrier _avolumen _bnc |
||
| 590 | _aInventariado, 2021-MF | ||
| 700 |
_aÁmez, Pablo, _eprólogo _977916 |
||
| 700 |
_aPiantini, Ricardo , _efotografías _965474 |
||
| 700 | 1 |
_aRoedán, Elías, _eilustraciones _916475 |
|
| 942 |
_2ddc _cLBS1 |
||
| 999 |
_c49446 _d49446 |
||